1077 1830 1832 1692 1845 1079 1687 1303 1925 1740 1828 1233 1750 1830 1354 1789 1869 1006 1337 1377 1036 1091 1937 1610 1827 1274 1529 1534 1265 1538 1940 1050 1945 1509 1756 1463 1342 1514 1950 1141 1474 1431 1923 1282 1329 1807 1147 1076 1915 1373 1471 1461 1390 1092 1100 1115 1649 1578 1511 1758 1680 1107 1421 1919 1769 1005 1128 1053 1443 1858 1379 1117 1519 1599 1555 1870 1921 1062 1161 1678 1273 1170 1151 1920 1369 1137 1750 1777 1950 1298 1731 1740 1145 1995 1783 1237 1356 1458 1631 BCNSPRNW ULIB Ver.6.0+V

เปลี่ยนเป็นภาษาไทย

Change to English
 แสดงรายละเอียดบรรณานุกรม
  กลับหน้าหลัก

Brief Record : Get Marc (ISO 2709) : E-mail record : QR code < ปิดหน้าต่าง
LEADER : 00000nam 2200000uu 4500
001    13399120338
003     ULIB
008    120918s2546||||th 000 0 tha d
020    ^a9747227338
060 04 ^aWY157^bว728ก 2546
100 0  ^aวิไลพรรณ สวัสดิ์พาณิชย์
245 10 ^aการพยาบาลมารดาหลังคลอด /^cวิไลพรรณ สวัสดิ์พาณิชย์
250    ^aพิมพ์ครั้งที่
260    ^aชลบุรี :^bภาควิชาการพยาบาลแม่และเด็ก คณะพยาบาลศาสตร์มหาวิทยาลัยบูรพา,^c2546
300    ^a123 หน้า :^bภาพประกอบ :^c27 ซม.
650  7 ^aการพยาบาลสูติศาสตร์
650  7 ^aระยะหลังคลอด^xการพยาบาล
710 2  ^aมหาวิทยาลัยบูรพา . ^bคณะพยาบาลศาสตร์.^bภาควิชาการพยาบาลแม่และเด็ก
945    ^p110^l0^i12719
945    ^p110^l0^i12720
945    ^p110^l0^i12721
995    ^aวิภา
999 ^a ใช้งานได้ทุกระบบ
รายการนี้ยังไม่มีแท็ก
คุณยังไม่ได้ล็อกอิน คุณสามารถมีกิจกรรมร่วมกับเว็บไซต์ได้ แต่ต้องล็อกอินก่อน ::
  ล็อกอิน

รายการสื่อสารสนเทศ

ลำดับที่ ประเภท เลขเรียก/บาร์โค้ด สถานที่ สถานะ
1. วิทยาศาสตร์การแพทย์ และสุขภาพ
วิทยาศาสตร์การแพทย์ และสุขภาพ
WY157 ว728ก 2546  
  Barcode: 12719
ห้องสมุดวิทยาเขตสวรรค์ประชารักษ์
►หนังสือทั่วไป
ถูกยืม กำหนดส่งวันที่ 11 พฤษภาคม 2558
  จอง
2. วิทยาศาสตร์การแพทย์ และสุขภาพ
วิทยาศาสตร์การแพทย์ และสุขภาพ
WY157 ว728ก 2546 ฉ.2 
  Barcode: 12720
ห้องสมุดวิทยาเขตสวรรค์ประชารักษ์
►หนังสือทั่วไป
ถูกยืม กำหนดส่งวันที่ 11 พฤษภาคม 2558
  จอง
3. วิทยาศาสตร์การแพทย์ และสุขภาพ
วิทยาศาสตร์การแพทย์ และสุขภาพ
WY157 ว728ก 2546 ฉ.3 
  Barcode: 12721
ห้องสมุดวิทยาเขตสวรรค์ประชารักษ์
►หนังสือทั่วไป
ถูกยืม กำหนดส่งวันที่ 14 พฤษภาคม 2558
  จอง

รายการใกล้เคียง
    ผู้แต่ง [วิไลพรรณ สวัสดิ์พาณิชย์]

    หัวเรื่อง [การพยาบาลสูติศาสตร์]

BibComment


ยังไม่เคยถูกคอมเมนท์

คอมเมนท์ทรัพยากรรายการนี้
  คอมเมนท์: การพยาบาลมารดาหล..


 Copyright 2026. Bcnsprnw @Library